| 000 | 01253nam a22001577a 4500 | ||
|---|---|---|---|
| 041 | _aukr | ||
| 080 | _a09 | ||
| 090 | _bЦТА | ||
| 100 | _aЦимбалюк Т.А. | ||
| 245 | _aЛексико семантичне поле спілкування в англійській мові | ||
| 260 |
_aОстрог _bКАФ _c2007 |
||
| 300 | _a43 | ||
| 520 |
_aВСТУП.
РОЗДІЛ 1. ЛЕКСИКО СЕМАНТИЧНИЙ АНАЛІЗ ХУДОЖНІХ ТЕКСТІВ.
1.1. Поняття художнього тексту.
1.2.Аналіз лексичних одиниць в художніх текстах.
1.3. Класифікація слів за значенням.
РОЗДІЛ 2. ЛЕКСИКО СЕМАНТИЧНІ ПОЛЯ ЯК ОБ’ЄКТ ЛІНГВІСТИЧНИХ ДОСЛІДЖЕНЬ.
2.1. Поняття про лексико семантичні поля.
2.2. Підходи до вивчення лексико семантичних полів.
РОЗДІЛ 3. ЛЕКСИКО СЕМАНТИЧНЕ ПОЛЕ СПІЛКУВАННЯ НА ПРИКЛАДІ РОМАНУ ДЖЕКА ЛОНЛОНА "МАРТІН ІДЕН".
ВИСНОВКИ. _0Лексико семантичне поле |
||
| 650 | _aResearch Papers | ||
| 999 |
_c283970 _d283970 |
||
| 942 | _cBK | ||